[Event "POL-chT3"]
[Site "Jastrzebia Gora POL"]
[Date "2015.??.??"]
[Round "8.102"]
[White "Pyzewska, Ewelina"]
[Black "Botor, Michalina"]
[Result "0-1"]
[WhiteElo "1316"]
[BlackElo "1813"]
[EventDate "2015.??.??"]
[WhiteTitle "II"]
[BlackTitle "I++"]

1.e4 c6 2.d4 d5 3.e5 Bf5 4.Nf3 e6 5.Bg5 Be7 6.Be3 Nd7 7.Nbd2 Rc8 8.Be2 a6 
9.O-O c5 10.c3 Bg6 11.Qb3 Qb6 12.Qxb6 Nxb6 13.Rfc1 c4 14.b3 Ba3 15.Re1 Bb2
16.Rac1 Bxc1 17.Rxc1 Ne7 18.Nh4 Nf5 19.Nxg6 hxg6 20.Bf4 O-O 21.Nb1 Rc7 22.
b4 Na4 23.Bd1 Nb2 24.Bc2 b5 25.Nd2 Ra8 26.Rb1 Nd3 27.Bxd3 cxd3 28.Rd1 Rxc3
29.Nb1 Rc2 30.Rxd3 Rac8 31.Rd1 Nxd4 0-1

[Event "POL-chT3"]
[Site "Jastrzebia Gora POL"]
[Date "2015.??.??"]
[Round "8.103"]
[White "Maj, Pawel"]
[Black "Lapaj, Mateusz"]
[Result "1/2-1/2"]
[WhiteElo "2078"]
[BlackElo "2133"]
[EventDate "2015.??.??"]
[WhiteTitle "k"]
[BlackTitle "k+"]

1.c4 Nf6 2.Nc3 g6 3.g3 Bg7 4.Bg2 O-O 5.e4 d6 6.Nge2 c5 7.O-O Nc6 8.d3 a6 
9.h3 Rb8 10.a4 Ne8 11.Be3 Nd4 12.Rb1 Nc7 13.b4 Nce6 14.b5 Bd7 15.f4 Qa5 
16.Bd2 Nxe2+ 17.Nxe2 Qc7 18.Kh2 Nd4 19.Nxd4 Bxd4 20.Qe1 axb5 21.axb5 Ra8 
22.Bc3 Bxc3 23.Qxc3 e5 24.f5 f6 25.g4 Kg7 26.Ra1 Rfb8 27.Ra3 Qd8 28.Rfa1 
Rxa3 29.Rxa3 Qb6 30.Qa5 Qxa5 31.Rxa5 g5 32.Ra7 Kf7 33.Bf3 Ke7 34.Kg3 Kd8 
35.Be2 Ke7 36.Bf3 Kd8 37.Be2 Ke7 38.Bf3 Kd8 39.Be2 Ke7 40.Bf3 Kd8 1/2-1/2

[Event "POL-chT3"]
[Site "Jastrzebia Gora POL"]
[Date "2015.??.??"]
[Round "8.104"]
[White "Pinkas, Karol"]
[Black "Pajak, Jakub"]
[Result "1-0"]
[WhiteElo "2227"]
[BlackElo "1812"]
[EventDate "2015.??.??"]
[WhiteTitle "IM"]
[BlackTitle "I+"]

1.e4 c5 2.Nf3 d6 3.d4 cxd4 4.Nxd4 Nf6 5.Nc3 g6 6.Be3 Bg7 7.f3 O-O 8.Qd2 
Nc6 9.Bc4 Bd7 10.Bb3 Rc8 11.O-O-O Nxd4 12.Bxd4 b5 13.e5 dxe5 14.Bxe5 Bc6 
15.Qg5 Qb6 16.h4 h6 17.Qd2 Rfd8 18.Qf4 b4 19.Rxd8+ Rxd8 20.Bc7 Qd4 21.Qxd4
Rxd4 22.Ne2 Rd7 23.Ba5 Rb7 24.Rd1 e6 25.Rd8+ Bf8 26.Nf4 g5 27.hxg5 hxg5 
28.Nd3 Kg7 29.c3 Be7 30.Rd4 bxc3 31.Bxc3 Bb5 32.Ne5 Bc5 33.Rd1 Be3+ 34.Kb1
Kf8 35.Re1 Bf2 36.Rh1 Bg3 37.Rd1 Bxe5 38.Bxe5 Nd7 39.Bc3 Ke7 40.Bd2 f6 41.
Bb4+ Kf7 42.Bc3 Nc5 43.Bc2 Kg7 44.Bd4 Rc7 45.Be3 Nd7 46.Rh1 Nf8 47.b3 Ng6 
48.Kb2 Bc6 49.Rc1 Bb5 50.g3 a6 51.f4 gxf4 52.gxf4 Kf7 1-0

[Event "POL-chT3"]
[Site "Jastrzebia Gora POL"]
[Date "2015.??.??"]
[Round "8.105"]
[White "Koziol, Pawel"]
[Black "Garbowski, Jakub"]
[Result "0-1"]
[WhiteElo "1927"]
[BlackElo "2049"]
[EventDate "2015.??.??"]
[WhiteTitle "I++"]
[BlackTitle "I+"]

1.e4 c5 2.Nf3 e6 3.d3 Nc6 4.g3 d6 5.Bg2 Nf6 6.O-O Be7 7.Re1 O-O 8.c3 Qb6 
9.Nbd2 h6 10.Qe2 Qc7 11.Nf1 b6 12.Bf4 e5 13.Bc1 Rd8 14.Ne3 Bf8 15.Nh4 g6 
16.b3 Bg7 17.Bb2 Bb7 18.Rf1 Kh7 19.Rad1 Ne7 20.f4 a6 21.Rf2 Nc6 22.Rdf1 
exf4 23.Rxf4 Qe7 24.Rxf6 Bxf6 25.Nd5 Qe5 26.Nxf6+ Kg7 27.Qf2 Qe7 28.Nd5 
Qe6 29.Bh3 Qe8 30.Nc7 Qe7 31.Nxa8 Rxa8 32.Nf3 Re8 33.Nd2 Ne5 34.c4 f6 35.
Bxe5 fxe5 36.Nb1 Bc6 37.Nc3 b5 38.Nd5 Bxd5 39.cxd5 a5 40.Be6 Rf8 41.Qxf8+ 
Qxf8 42.Rxf8 Kxf8 43.b4 axb4 44.Bd7 c4 45.Bxb5 b3 46.axb3 c3 47.d4 0-1

[Event "POL-chT3"]
[Site "Jastrzebia Gora POL"]
[Date "2015.??.??"]
[Round "8.106"]
[White "Siedlinski, Piotr"]
[Black "Herman, Monika"]
[Result "1-0"]
[WhiteElo "2072"]
[BlackElo "1735"]
[EventDate "2015.??.??"]
[WhiteTitle "k"]
[BlackTitle "I++"]

1.e4 c5 2.Nf3 d6 3.Bb5+ Bd7 4.Bxd7+ Nxd7 5.c4 g6 6.Nc3 Bg7 7.O-O Ngf6 8.
Re1 O-O 9.b3 Ne8 10.d4 cxd4 11.Nxd4 Nc7 12.Bb2 a6 13.Qd2 Nc5 14.Nd5 N7e6 
15.Rac1 Nxd4 16.Bxd4 Bxd4 17.Qxd4 Ne6 18.Qd2 Ng7 19.Rc3 f6 20.Qh6 Kf7 21.
Rf3 Qa5 22.Kf1 Rh8 23.e5 f5 24.e6+ Kf8 25.Nxe7 Re8 26.Nxg6+ Kg8 27.Nxh8 
Kxh8 28.e7 1-0

[Event "POL-chT3"]
[Site "Jastrzebia Gora POL"]
[Date "2015.??.??"]
[Round "8.107"]
[White "Baranska, Monika"]
[Black "Rosicki, Marcin"]
[Result "0-1"]
[WhiteElo "1686"]
[BlackElo "1826"]
[EventDate "2015.??.??"]
[WhiteTitle "I++"]
[BlackTitle "I"]

1.d4 c5 2.d5 d6 3.c4 b5 4.e4 Nf6 5.f3 g6 6.Bd3 Bg7 7.Ne2 Nbd7 8.a4 bxc4 9.
Bxc4 O-O 10.Nec3 Qa5 11.O-O Ba6 12.Nb5 Ne8 13.Bd2 Qb6 14.Bc3 Ne5 15.Be2 
Bxb5 16.Bxb5 c4+ 17.Kh1 a6 18.Bxe8 Rfxe8 19.Qc2 Nd3 20.a5 Qb3 21.Qxb3 cxb3
22.Bxg7 Kxg7 23.Nd2 Rab8 24.Ra3 Nxb2 25.Rxb3 Rxb3 26.Nxb3 Rb8 27.Nd4 Nd3 
28.g3 Kf6 29.Kg1 Rb2 30.Rd1 Nc5 31.Ra1 Nb3 32.Nxb3 Rxb3 33.Kg2 Rb2+ 34.Kh3
h5 35.g4 hxg4+ 36.Kxg4 Rxh2 37.f4 Rg2+ 38.Kf3 Rb2 39.Ra4 g5 40.fxg5+ Kxg5 
41.Ke3 Rb3+ 42.Ke2 Kf4 43.Kd2 Re3 44.e5+ Re4 45.exd6 exd6 46.Ra1 Rd4+ 47.
Kc3 Rxd5 48.Rf1+ Ke4 49.Rxf7 Rxa5 50.Re7+ Kd5 51.Rh7 Rc5+ 52.Kd3 a5 53.Ra7
Kc6 54.Ra6+ Kd7 55.Kd4 Rh5 56.Ra8 Rg5 57.Ra7+ Ke6 58.Ra6 Rg4+ 59.Kc3 a4 
60.Kb2 Rc4 61.Ka3 Ke5 62.Ra8 Kd4 63.Rh8 d5 64.Rh4+ Kc5 65.Rh5 Rg4 66.Rh8 
Rg1 67.Kxa4 Rb1 68.Rc8+ Kd4 69.Rh8 Kc4 70.Rc8+ Kd3 71.Ka3 d4 0-1

[Event "POL-chT3"]
[Site "Jastrzebia Gora POL"]
[Date "2015.??.??"]
[Round "8.108"]
[White "Guzik, Jolanta"]
[Black "Bartczak, Hanna"]
[Result "1-0"]
[WhiteElo "1980"]
[BlackElo "1551"]
[EventDate "2015.??.??"]
[WhiteTitle "WFM"]
[BlackTitle "I"]

1.c4 d6 2.Nc3 Nf6 3.g3 g6 4.Bg2 Bg7 5.a3 c5 6.Rb1 O-O 7.e3 Nc6 8.d3 Rb8 9.
Nge2 Bd7 10.b4 cxb4 11.axb4 b6 12.O-O Qc8 13.b5 Na5 14.Nf4 g5 15.Nfd5 Re8 
16.Nxf6+ Bxf6 17.Ne4 Bg4 18.Nxf6+ exf6 19.Qd2 Bh3 20.Qc3 Bxg2 21.Kxg2 Re6 
22.Bb2 Qb7+ 23.e4 Qd7 24.f4 g4 25.f5 Re5 26.Qd2 Kg7 27.Bc1 Qe7 28.Qh6+ Kh8
29.Bb2 Rg8 30.Bxe5 Qxe5 31.Qe3 Qc3 32.Rfc1 Qe5 33.d4 Qe7 34.Rb2 Rg5 35.Qd3
Rg8 36.Re2 Rc8 37.h3 gxh3+ 38.Kxh3 Qf8 39.Kg2 Qg7 40.Rec2 Qg4 41.Qf3 Qg5 
42.Qf4 Qxf4 43.gxf4 Kg7 44.Kf3 Nb3 45.Rg1+ Kh8 46.Ke3 Rg8 47.Rxg8+ Kxg8 
48.Re2 Na5 49.Kd3 h6 50.c5 dxc5 51.dxc5 Kf8 52.c6 Ke7 53.e5 fxe5 54.fxe5 
Kd8 55.Kc3 Kc7 56.Rd2 a6 57.Kb4 axb5 58.Kxb5 Nb3 59.Rd7+ Kc8 60.Kxb6 1-0

[Event "POL-chT3"]
[Site "Jastrzebia Gora POL"]
[Date "2015.??.??"]
[Round "9.1"]
[White "Nguyen, Piotr"]
[Black "Kantans, Toms"]
[Result "0-1"]
[WhiteElo "2327"]
[BlackElo "2502"]
[EventDate "2015.??.??"]
[WhiteTitle "m"]
[BlackTitle "IM"]

1.f4 c5 2.Nf3 Nf6 3.g3 g6 4.Bg2 Bg7 5.O-O O-O 6.d3 d5 7.Nc3 d4 8.Ne4 Nxe4 
9.dxe4 Nc6 10.a3 e5 11.f5 gxf5 12.exf5 Bxf5 13.Nh4 Bg6 14.Nf5 Bxf5 15.Rxf5
Ne7 16.Rf1 f5 17.Bxb7 Rb8 18.Bg2 e4 19.g4 e3 20.b4 fxg4 21.Bb2 Rxf1+ 22.
Qxf1 Qd6 0-1

[Event "POL-chT3"]
[Site "Jastrzebia Gora POL"]
[Date "2015.??.??"]
[Round "9.2"]
[White "Kolosowski, Mateusz"]
[Black "Licznerski, Lukasz"]
[Result "1-0"]
[WhiteElo "2425"]
[BlackElo "2293"]
[EventDate "2015.??.??"]
[WhiteTitle "IM"]
[BlackTitle "FM"]

1.d4 Nf6 2.c4 g6 3.g3 Bg7 4.Bg2 d5 5.cxd5 Nxd5 6.Nf3 Nb6 7.Nc3 Nc6 8.e3 
O-O 9.O-O Re8 10.Nh4 e5 11.d5 Na5 12.Rb1 Nac4 13.b3 Nd6 14.e4 c6 15.dxc6 
bxc6 16.a4 Ba6 17.Re1 Nb7 18.Be3 Bf8 19.Bf1 1-0

[Event "POL-chT3"]
[Site "Jastrzebia Gora POL"]
[Date "2015.??.??"]
[Round "9.3"]
[White "Flak, Pawel"]
[Black "Cukrowski, Filip"]
[Result "0-1"]
[WhiteElo "2223"]
[BlackElo "2318"]
[EventDate "2015.??.??"]
[WhiteTitle "k"]
[BlackTitle "m"]

1.d4 Nf6 2.c4 e6 3.Nf3 b6 4.Bg5 Bb7 5.Nc3 Bb4 6.Qb3 Bxc3+ 7.Qxc3 h6 8.Bf4 
g5 9.Bc1 d6 10.e3 Nbd7 11.b3 Ne4 12.Qc2 f5 13.Bb2 Qe7 14.d5 e5 15.O-O-O 
O-O-O 16.g4 fxg4 17.Qxe4 gxf3 18.Qxf3 Kb8 19.h4 Rdf8 20.Qg3 Nc5 21.f3 gxh4
22.Qf2 Ne4 23.Qxh4 Qxh4 24.Rxh4 Nf2 0-1

[Event "POL-chT3"]
[Site "Jastrzebia Gora POL"]
[Date "2015.??.??"]
[Round "9.4"]
[White "Goluch, Piotr"]
[Black "Grzelak, Artur"]
[Result "1-0"]
[WhiteElo "2270"]
[BlackElo "2147"]
[EventDate "2015.??.??"]
[WhiteTitle "k++"]
[BlackTitle "m"]

1.Nf3 g6 2.g3 Bg7 3.Bg2 d6 4.O-O Nf6 5.d4 O-O 6.c4 Nc6 7.d5 Na5 8.Nfd2 c5 
9.Nc3 Nd7 10.Qc2 a6 11.Rb1 b5 12.cxb5 axb5 13.Nxb5 Ba6 14.Nc3 Qb6 15.Re1 
Nc4 16.Nxc4 Bxc4 17.b3 Ba6 18.Bd2 Qa7 19.h4 Ne5 20.h5 Bc8 21.a4 Bd7 22.h6 
Bh8 23.Qc1 1-0

[Event "POL-chT3"]
[Site "Jastrzebia Gora POL"]
[Date "2015.??.??"]
[Round "9.5"]
[White "Pietocha, Pawel"]
[Black "Dubinski, Mateusz"]
[Result "1-0"]
[WhiteElo "2077"]
[BlackElo "2207"]
[EventDate "2015.??.??"]
[WhiteTitle "I++"]
[BlackTitle "CM"]

1.e4 g6 2.d4 Bg7 3.c3 d6 4.Be3 Nf6 5.f3 O-O 6.Bd3 e5 7.Ne2 Nc6 8.d5 Ne7 9.
Qd2 c6 10.c4 b5 11.dxc6 bxc4 12.Bxc4 Nxc6 13.O-O Na5 14.Na3 Nxc4 15.Nxc4 
Ba6 16.Rfc1 d5 17.Nxe5 dxe4 18.Nd4 1-0

[Event "POL-chT3"]
[Site "Jastrzebia Gora POL"]
[Date "2015.??.??"]
[Round "9.6"]
[White "Kulon, Klaudia"]
[Black "Leszner, Liliana"]
[Result "1-0"]
[WhiteElo "2250"]
[BlackElo "2027"]
[EventDate "2015.??.??"]
[WhiteTitle "WGM"]
[BlackTitle "WIM"]

1.c4 c5 2.g3 Nc6 3.Bg2 g6 4.Nc3 Bg7 5.e3 d6 6.Nge2 Rb8 7.O-O Bg4 8.h3 Bd7 
9.d4 Qc8 10.Kh2 cxd4 11.exd4 Nh6 12.d5 Ne5 13.b3 f5 14.Be3 a6 15.Qd2 Ng8 
16.Rac1 h5 17.Ba7 Ra8 18.Bd4 Nf6 19.Nf4 h4 1-0

[Event "POL-chT3"]
[Site "Jastrzebia Gora POL"]
[Date "2015.??.??"]
[Round "9.7"]
[White "Rudolf, Michal"]
[Black "Janaszak, Dawid"]
[Result "1/2-1/2"]
[WhiteElo "2326"]
[BlackElo "2373"]
[EventDate "2015.??.??"]
[WhiteTitle "FM"]
[BlackTitle "FM"]

1.d4 Nf6 2.Nf3 e6 3.Bg5 d5 4.e3 c5 5.c3 Nbd7 6.Nbd2 Be7 7.Bd3 O-O 8.Ne5 
Nxe5 9.dxe5 Nd7 10.Bf4 f5 11.g4 Qc7 12.gxf5 Nxe5 13.Bc2 exf5 14.Nc4 dxc4 
15.Qd5+ Rf7 16.Bxe5 Qb6 17.O-O-O Qe6 18.e4 Qxd5 19.exd5 Bd7 20.Rhe1 Re8 
21.f4 Bh4 22.Re3 Bf6 23.Rde1 Bh4 24.Rd1 Bf6 25.Rde1 Bh4 26.Rd1 Bf6 27.Rde1
1/2-1/2

[Event "POL-chT3"]
[Site "Jastrzebia Gora POL"]
[Date "2015.??.??"]
[Round "9.8"]
[White "Maciejczak, Jakub"]
[Black "Zujev, Oleg"]
[Result "1/2-1/2"]
[WhiteElo "2355"]
[BlackElo "2271"]
[EventDate "2015.??.??"]
[WhiteTitle "FM"]
[BlackTitle ""]

1.c4 Nf6 2.Nc3 d6 3.g3 e5 4.Bg2 c6 5.d3 Be7 6.Nf3 Nbd7 7.O-O O-O 8.Bg5 a5 
9.a3 h6 10.Bxf6 Bxf6 11.Qc2 g6 12.b4 Bg7 13.Nd2 Qc7 14.Nb3 axb4 15.axb4 
Rxa1 16.Rxa1 f5 17.b5 Nf6 18.Qa2 e4 19.Rc1 Qf7 20.bxc6 bxc6 21.Na5 Bd7 22.
Nb7 Qe7 23.Qa3 c5 24.dxe4 fxe4 25.Rd1 Ng4 26.Nxe4 Nxf2 27.Nxf2 Qxe2 28.Qd3
Qxf2+ 29.Kh1 Re8 30.Nxd6 Re2 31.Qf3 Bd4 32.Qxf2 Rxf2 33.Nb5 Bxb5 34.cxb5 
Rb2 35.Be4 Rxb5 36.Bxg6 Kg7 37.Be4 Rb2 38.Rc1 Kf6 39.Rc2 Rb1+ 40.Kg2 Re1 
41.Bd3 1/2-1/2

[Event "POL-chT3"]
[Site "Jastrzebia Gora POL"]
[Date "2015.??.??"]
[Round "9.9"]
[White "Warszawski, Bartosz"]
[Black "Dudzinski, Pawel"]
[Result "1/2-1/2"]
[WhiteElo "2224"]
[BlackElo "2261"]
[EventDate "2015.??.??"]
[WhiteTitle "m"]
[BlackTitle "FM"]

1.e4 c6 2.d4 d5 3.exd5 cxd5 4.c4 Nf6 5.Nc3 e6 6.Nf3 Bb4 7.cxd5 Nxd5 8.Bd2 
Nc6 9.Bd3 Nf6 10.Bg5 Be7 11.O-O Nb4 12.Bb1 O-O 13.a3 Nbd5 14.Qd3 g6 15.Ne5
Nxc3 16.bxc3 Nd7 17.Bf4 Nxe5 18.Bxe5 Bf6 19.Qe4 Bxe5 20.Qxe5 Qd5 21.Qe3 
Kg7 22.Be4 Qd6 23.c4 Rb8 24.h3 b6 25.c5 Qc7 26.a4 e5 27.Rfc1 exd4 28.Qxd4+
Kg8 29.c6 Be6 30.Qf6 Rfe8 31.Bf3 Rbc8 32.Rcb1 Bf5 33.Rb4 Re6 34.Qc3 Rd6 
35.a5 Rd3 36.Qf6 Rxf3 37.gxf3 Qxc6 38.Qxc6 Rxc6 39.Kg2 bxa5 40.Rxa5 a6 41.
Ra3 1/2-1/2

[Event "POL-chT3"]
[Site "Jastrzebia Gora POL"]
[Date "2015.??.??"]
[Round "9.10"]
[White "Michalski, Filip"]
[Black "Chalupnik, Marcin"]
[Result "1/2-1/2"]
[WhiteElo "2176"]
[BlackElo "2210"]
[EventDate "2015.??.??"]
[WhiteTitle "I"]
[BlackTitle "k++"]

1.d4 Nf6 2.c4 c5 3.d5 b5 4.cxb5 a6 5.e3 axb5 6.Bxb5 Qa5+ 7.Nc3 Bb7 8.Bd2 
Qb6 9.Qf3 e6 10.e4 Bd6 11.Nge2 O-O 12.a4 exd5 13.exd5 Na6 14.O-O Nb4 15.
Bc4 Be5 16.Bf4 Bd4 17.Rad1 Rfe8 18.b3 Re7 19.Be3 Be5 20.Qf5 Rae8 21.a5 Qc7
22.h3 d6 23.Nb5 Qb8 24.Nec3 Nfxd5 25.Nxd5 Bxd5 26.Bf4 Bxf4 27.Qxf4 Bxc4 
28.bxc4 Re4 29.Qxd6 Rxc4 30.Na3 Rc3 31.Nb1 Rc2 32.Na3 Rc3 33.Nb1 Rc2 34.
Na3 Rc3 35.Nb1 Rc2 1/2-1/2

[Event "POL-chT3"]
[Site "Jastrzebia Gora POL"]
[Date "2015.??.??"]
[Round "9.11"]
[White "Kaim, Piotr"]
[Black "Ziabek, Patryk"]
[Result "0-1"]
[WhiteElo "2195"]
[BlackElo "2038"]
[EventDate "2015.??.??"]
[WhiteTitle "m"]
[BlackTitle "I+"]

1.d4 Nf6 2.c4 g6 3.Nc3 d5 4.cxd5 Nxd5 5.e4 Nxc3 6.bxc3 Bg7 7.Nf3 c5 8.Be3 
O-O 9.Qd2 cxd4 10.cxd4 Nc6 11.Rb1 b6 12.Bb5 Bb7 13.d5 Ne5 14.Nxe5 Bxe5 15.
Bh6 Rc8 16.O-O Bg7 17.Rb3 Qd6 18.Rh3 Qe5 19.Bxg7 Qxg7 20.f4 Rc5 21.a4 Rfc8
22.f5 Rc2 23.Qg5 Qd4+ 24.Kh1 Qd2 25.Qxd2 Rxd2 26.fxg6 hxg6 27.Rhf3 f6 28.
Rg3 Kg7 29.Bd7 Rd8 30.Bf5 g5 31.Rc3 Ba6 32.Rfc1 Ra2 33.Rc7 Kf8 34.Rxa7 
Rxa4 35.h3 Bb5 36.Rb7 Bd3 37.Rcc7 Bxe4 38.Be6 Re8 39.Rxb6 Ra1+ 40.Kh2 Ra2 
41.h4 Bxg2 42.hxg5 Bxd5+ 43.Kg3 Rg2+ 44.Kf4 Rxg5 45.Rc1 Bxe6 46.Rxe6 Kf7 
47.Rce1 Rd5 48.R1e2 Rd7 49.Kf5 Rc8 50.R6e4 Rc5+ 51.Kf4 Rh5 52.Re6 Rh4+ 53.
Kg3 Rhd4 54.R2e3 R4d6 55.R6e4 e5 0-1

[Event "POL-chT3"]
[Site "Jastrzebia Gora POL"]
[Date "2015.??.??"]
[Round "9.12"]
[White "Magnucka, Milena"]
[Black "Bednarska-bzdega, Malgorzata"]
[Result "1-0"]
[WhiteElo "1950"]
[BlackElo "2052"]
[EventDate "2015.??.??"]
[WhiteTitle "WFM"]
[BlackTitle "WFM"]

1.e4 c5 2.Nf3 Nc6 3.d4 cxd4 4.Nxd4 Nf6 5.Nc3 g6 6.Be3 Bg7 7.Bc4 d6 8.f3 
O-O 9.Qd2 Bd7 10.O-O-O Rc8 11.Bb3 Ne5 12.Bh6 Bxh6 13.Qxh6 Rxc3 14.bxc3 Qc7
15.Qe3 Rc8 16.h4 a5 17.a4 Qc5 18.Kd2 Bxa4 19.Ne2 Qc7 20.Ke1 Bb5 21.Nf4 a4 
22.Nd5 Nxd5 23.Bxd5 Qa5 24.Kf2 Rxc3 25.Qd2 Nc4 26.Bxc4 Bxc4 27.h5 g5 28.
Rhe1 Qc5+ 29.Re3 Rxe3 30.Qxe3 a3 31.Qxc5 dxc5 32.Ke3 Kg7 33.Kd2 Kh6 34.Kc1
Kxh5 35.Rd7 b5 36.Rxe7 Kh4 37.Re5 h6 38.g4 Kg3 39.Rf5 Be2 40.Rxf7 Bxf3 41.
Rxf3+ Kxf3 42.e5 h5 43.e6 hxg4 44.e7 g3 45.e8=Q g2 46.Qe1 b4 47.Kb1 g4 48.
Ka2 g3 49.Qg1 c4 50.Kb1 b3 51.cxb3 cxb3 52.Kc1 Kf4 53.Qxg2 Kg4 54.Qf1 Kh4 
55.Qh1+ Kg4 56.Qg2 Kh4 57.Qf1 Kg4 58.Kd2 Kh4 59.Kc3 1-0

[Event "POL-chT3"]
[Site "Jastrzebia Gora POL"]
[Date "2015.??.??"]
[Round "9.14"]
[White "Krainski, Aleksander"]
[Black "Maksimenko, Andrei"]
[Result "0-1"]
[WhiteElo "2134"]
[BlackElo "2453"]
[EventDate "2015.??.??"]
[WhiteTitle "FM"]
[BlackTitle "GM"]

1.d4 Nf6 2.Nf3 g6 3.e3 Bg7 4.c4 O-O 5.Nc3 c5 6.Be2 cxd4 7.exd4 d5 8.O-O 
Nc6 9.h3 dxc4 10.Bxc4 Na5 11.Be2 Be6 12.Bg5 Rc8 13.Rc1 Nc4 14.Bxc4 Bxc4 
15.Re1 Re8 16.Qa4 Qb6 17.Qa3 Be6 18.Rcd1 Rcd8 19.Rd3 a6 20.Rde3 Qc6 21.Re5
Qd6 22.Qxd6 Rxd6 23.Rc5 Rb6 24.b3 Rd6 25.Bxf6 Bxf6 26.Ne4 Rdd8 27.Nxf6+ 
exf6 28.d5 b6 29.Rc6 Bxd5 30.Rxe8+ Rxe8 31.Rxb6 Re6 32.Rb8+ Kg7 33.Kf1 Rc6
34.Ne1 Rc1 35.Rd8 Bxg2+ 36.Kxg2 Rxe1 37.a4 Rb1 38.Rb8 g5 39.Rb6 a5 40.Kf3 
h5 41.Rb8 f5 42.Rb6 h4 43.Rb5 Kg6 44.Rb8 Rg1 45.Rg8+ Kh7 46.Rb8 g4+ 47.
hxg4 h3 0-1

[Event "POL-chT3"]
[Site "Jastrzebia Gora POL"]
[Date "2015.??.??"]
[Round "9.15"]
[White "Grabarczyk, Miroslaw"]
[Black "Karpus, Michal"]
[Result "1-0"]
[WhiteElo "2442"]
[BlackElo "2303"]
[EventDate "2015.??.??"]
[WhiteTitle "GM"]
[BlackTitle "FM"]

1.d4 Nf6 2.c4 g6 3.Nf3 Bg7 4.g3 O-O 5.Bg2 d6 6.Nc3 Nc6 7.O-O Bg4 8.d5 Na5 
9.Nd2 c5 10.Rb1 a6 11.a3 Qc7 12.Qc2 Rab8 13.b3 b5 14.Bb2 b4 15.axb4 cxb4 
16.Nce4 Bxe2 17.Rfe1 Bg4 18.Nxf6+ exf6 19.Bd4 Nb7 20.Ra1 a5 21.Qa2 Bf5 22.
g4 Bxg4 23.Ne4 Bf5 24.Nxf6+ Kh8 25.Qb2 Nc5 26.Nd7 Qxd7 27.Bxg7+ Kg8 28.
Bxf8 Rxf8 29.Re3 Qd8 30.Qd4 Bc2 31.Qb2 Bf5 32.Qd2 Qg5 33.Qd4 Bc2 34.Rae1 
Bxb3 35.Re8 Qh6 36.Qf6 Ba4 37.R8e3 Rc8 38.Qxd6 Qh4 39.Bh3 Ne4 40.Rxe4 Qxh3
41.c5 Bc2 42.Re8+ Rxe8 43.Rxe8+ Kg7 44.Qe5+ Kh6 45.Qe3+ Qxe3 46.Rxe3 a4 
47.d6 a3 48.d7 a2 49.Re1 Bb1 50.d8=Q a1=Q 51.Qh4+ Kg7 52.Qxb4 Qf6 53.Rxb1 
Qg5+ 54.Kf1 1-0

[Event "POL-chT3"]
[Site "Jastrzebia Gora POL"]
[Date "2015.??.??"]
[Round "9.16"]
[White "Karbowiak, Adam"]
[Black "Borgula, Rafal"]
[Result "1/2-1/2"]
[WhiteElo "2153"]
[BlackElo "2267"]
[EventDate "2015.??.??"]
[WhiteTitle "k+"]
[BlackTitle "FM"]

1.Nf3 d5 2.g3 c6 3.Bg2 Bg4 4.O-O Nd7 5.d4 Ngf6 6.b3 e6 7.Bb2 Be7 8.Nbd2 
O-O 9.h3 Bf5 10.Nh4 Ne4 11.Nxf5 exf5 12.Nf3 Bf6 13.Qd3 Re8 14.c4 Rc8 15.
cxd5 cxd5 16.Rfc1 Qb6 17.e3 g6 18.Rc2 Rxc2 19.Qxc2 Nd6 20.Qd3 Ne4 21.Rc1 
Be7 22.Ne5 Nb8 23.Qc2 Bd6 24.Nd3 Nc6 25.Bxe4 fxe4 26.Nc5 Nb4 27.Qd2 Nxa2 
28.Ra1 Nb4 29.Nd7 Qd8 30.Nc5 Qb6 31.Nd7 Qd8 32.Nc5 Qb6 1/2-1/2

[Event "POL-chT3"]
[Site "Jastrzebia Gora POL"]
[Date "2015.??.??"]
[Round "9.17"]
[White "Robak, Zbigniew"]
[Black "Krainski, Slawomir"]
[Result "1/2-1/2"]
[WhiteElo "2192"]
[BlackElo "2124"]
[EventDate "2015.??.??"]
[WhiteTitle "m"]
[BlackTitle "k"]

1.e4 e5 2.Nf3 Nc6 3.Bb5 Nge7 4.Nc3 g6 5.d4 exd4 6.Nd5 Bg7 7.Bg5 h6 8.Bf6 
Bxf6 9.Nxf6+ Kf8 10.Qd2 d5 11.Bxc6 Nxc6 12.Nxd5 Bf5 13.Nxc7 Qxc7 14.exf5 
gxf5 15.O-O Rd8 16.Rfe1 Qd6 17.Nh4 Qf6 18.Qf4 Rd5 19.Qf3 Rc5 20.b4 Nxb4 
21.Qxb7 Nxc2 22.Ng6+ Kg7 23.Nf4 Kh7 24.Nh5 Qg6 25.Nf4 Qg7 26.Nh5 Qg6 27.
Nf4 Qg7 28.Nh5 Qg6 29.Nf4 Qg7 30.Nh5 Qg6 31.Nf4 1/2-1/2

[Event "POL-chT3"]
[Site "Jastrzebia Gora POL"]
[Date "2015.??.??"]
[Round "9.18"]
[White "Pacuszka, Wioletta"]
[Black "Weglarz, Joanna"]
[Result "1/2-1/2"]
[WhiteElo "1943"]
[BlackElo "2004"]
[EventDate "2015.??.??"]
[WhiteTitle "I+"]
[BlackTitle "k"]

1.e4 c5 2.Nf3 d6 3.c3 Nf6 4.Bd3 g6 5.O-O Bg7 6.Bc2 Nc6 7.h3 O-O 8.d4 cxd4 
9.cxd4 d5 10.e5 Ne4 11.Nc3 Nxc3 12.bxc3 Na5 13.Bd3 b6 14.Bf4 Bb7 15.Qd2 
Rc8 16.Rac1 Nc4 17.Qe2 e6 18.Bg5 Qc7 19.Rfe1 Rfe8 20.Rb1 h6 21.Bf4 Na5 22.
Bb5 Bc6 23.Ba6 Bb7 24.Bb5 Bc6 25.Ba6 Bb7 26.Bb5 Bc6 27.Ba6 1/2-1/2

[Event "POL-chT3"]
[Site "Jastrzebia Gora POL"]
[Date "2015.??.??"]
[Round "9.19"]
[White "Sivuk, Vitaly"]
[Black "Wandzik, Wojciech"]
[Result "1-0"]
[WhiteElo "2479"]
[BlackElo "2360"]
[EventDate "2015.??.??"]
[WhiteTitle "GM"]
[BlackTitle "m"]

1.d4 Nf6 2.c4 e6 3.Nf3 d5 4.g3 Be7 5.Bg2 O-O 6.O-O c6 7.Qc2 b6 8.Nbd2 Nbd7
9.e4 dxe4 10.Nxe4 Nxe4 11.Qxe4 Bb7 12.Rd1 Qc7 13.Bf4 Bd6 14.Bxd6 Qxd6 15.
Ne5 Nf6 16.Qe3 Rfd8 17.Rd3 Nd7 18.Rad1 Qc7 19.f4 Kf8 20.g4 h6 21.h4 Nxe5 
22.fxe5 c5 23.d5 b5 24.b3 bxc4 25.bxc4 Rab8 26.g5 hxg5 27.Qxg5 Qe7 28.Qh5 
Kg8 29.Be4 g6 30.Rg3 exd5 31.Bxg6 1-0

[Event "POL-chT3"]
[Site "Jastrzebia Gora POL"]
[Date "2015.??.??"]
[Round "9.20"]
[White "Mroziak, Maciej"]
[Black "Kowalczyk, Pawel"]
[Result "1-0"]
[WhiteElo "2338"]
[BlackElo "2352"]
[EventDate "2015.??.??"]
[WhiteTitle "m"]
[BlackTitle "I++"]

1.e4 d5 2.exd5 Nf6 3.d4 Nxd5 4.Nf3 Bg4 5.Be2 e6 6.h3 Bh5 7.O-O Be7 8.Ne5 
Bxe2 9.Qxe2 O-O 10.c4 Nb6 11.Be3 Bf6 12.Rd1 Qe7 13.Nd2 N8d7 14.Ne4 Rfd8 
15.Nxd7 Nxd7 16.Nxf6+ Qxf6 17.d5 e5 18.c5 b6 19.b4 Qh4 20.Qb5 Qe4 21.Qc6 
Qxb4 22.d6 cxd6 23.Qxd6 Qh4 24.c6 Nf8 25.Qxe5 Rac8 26.Rxd8 Qxd8 27.Rc1 f6 
28.Qe4 Qd6 29.Bf4 Qe6 30.Qa4 Ng6 31.Bg3 a5 32.c7 Ne7 33.Rd1 Nf5 34.Rd8+ 
Kf7 35.Qb3 Ne7 36.Bd6 Qxb3 37.axb3 Ke6 38.Bxe7 Rxc7 39.Ba3 b5 40.Rd6+ Ke5 
41.Ra6 Kd4 42.Rxa5 Rb7 43.Bb4 Kd3 44.Ra2 1-0

[Event "POL-chT3"]
[Site "Jastrzebia Gora POL"]
[Date "2015.??.??"]
[Round "9.21"]
[White "Jagodzinski, Piotr"]
[Black "Lizak, Jakub"]
[Result "0-1"]
[WhiteElo "2246"]
[BlackElo "2113"]
[EventDate "2015.??.??"]
[WhiteTitle "k++"]
[BlackTitle "k"]

1.Nf3 g6 2.g3 Bg7 3.Bg2 c5 4.O-O Nc6 5.c4 e6 6.Qc2 Nge7 7.d3 O-O 8.Nc3 b6 
9.Bf4 d6 10.a3 e5 11.Bd2 Rb8 12.Rab1 a5 13.Nd5 Nxd5 14.cxd5 Na7 15.Qc1 Ba6
16.Bh6 Rc8 17.Bxg7 Kxg7 18.Qe3 Nb5 19.h4 h6 20.Qd2 Qe7 21.Bh3 Rce8 22.a4 
Nc7 23.e4 f5 24.Nh2 fxe4 25.dxe4 Bxf1 26.Rxf1 h5 27.Re1 b5 28.Bf1 bxa4 29.
Re3 Rb8 30.Nf3 Rxf3 31.Rxf3 Rb4 32.Qc2 Ne8 33.Bh3 Nf6 34.Be6 Rb3 35.Kg2 
Qb7 36.Qd2 Qb4 37.Qe2 Rxf3 38.Kxf3 c4 39.Qe3 Qb3 40.Bc8 Qxe3+ 41.Kxe3 c3 
42.Ba6 Nxe4 43.Bd3 Nc5 44.bxc3 a3 45.Bb1 Kf6 46.f3 Nb3 47.Kd3 a2 48.Bxa2 
Nc1+ 49.Kc2 Nxa2 50.Kb2 e4 51.fxe4 Nxc3 0-1

[Event "POL-chT3"]
[Site "Jastrzebia Gora POL"]
[Date "2015.??.??"]
[Round "9.22"]
[White "Duda, Lukasz"]
[Black "Dobrowolski, Aleksander"]
[Result "1-0"]
[WhiteElo "2153"]
[BlackElo "2281"]
[EventDate "2015.??.??"]
[WhiteTitle "I++"]
[BlackTitle "m"]

1.f4 d5 2.Nf3 g6 3.g3 Bg7 4.Bg2 Nf6 5.d3 O-O 6.O-O c5 7.Qe1 d4 8.Na3 Nc6 
9.Bd2 Rb8 10.c3 b6 11.h3 Bb7 12.Rc1 Nd5 13.Nc4 b5 14.Nce5 Nxe5 15.Nxe5 Qd6
16.cxd4 cxd4 17.Qf2 f6 18.Ng4 h5 19.Nh2 e5 20.f5 g5 21.Bf3 Qb6 22.Bxh5 Ne3
23.Bxe3 dxe3 24.Qe1 Qd4 25.Qc3 Rfc8 26.Qxd4 exd4 27.Bf3 Rxc1 28.Rxc1 Rc8 
29.Rxc8+ Bxc8 30.Bd5+ Kf8 31.Be4 Ke7 32.Nf3 Kd6 33.Nxd4 Ke5 34.Nxb5 a6 35.
Na3 Bf8 36.Nc4+ Kd4 37.Kg2 Bd6 1-0